| 000 | 00722nam a2200253Ia 4500 | ||
|---|---|---|---|
| 003 | OSt | ||
| 005 | 20221006143647.0 | ||
| 006 | a|||||r|||| 00| 0 | ||
| 007 | ta | ||
| 008 | 221006b |||||||| |||| 00| 0 eng d | ||
| 020 |
_c _14.50 |
||
| 024 | _a9,587 | ||
| 037 | _cTextual | ||
| 040 |
_aEASL _cEASL _beng |
||
| 041 |
_2eng _aeng |
||
| 082 | _aX:741.41.N49<-N39, J8 | ||
| 100 |
_aKIA-NGAU Chang _9650187 |
||
| 245 | 0 |
_aInflationary spiral _b The experince in China, 1939-1950 |
|
| 260 |
_aNew York _bTechnology Press of Massachusetts Institue of _c1958 |
||
| 300 |
_a394p. _ccm. |
||
| 490 | _v CEL | ||
| 942 |
_hX:741.41.N49<-N39, J8 _cTEXL _2CC |
||
| 999 |
_c1077673 _d1077673 |
||